[Event "Avicenna op 16th"]
[Site "Hamedan"]
[Date "2019.09.12"]
[Round "1"]
[White "Rezaee, Mahdi"]
[Black "Molaei, Mohammadamin"]
[Result "0-1"]
[WhiteElo "2100"]
[BlackElo "2348"]
[PlyCount "64"]
[EventDate "2019.09.12"]
[EventType "swiss"]
[EventRounds "9"]
[EventCountry "IRI"]
[SourceTitle "EXT 2020"]
[Source "ChessBase"]
[SourceDate "2019.10.17"]
[SourceVersion "1"]
[SourceVersionDate "2019.10.17"]
[SourceQuality "1"]

1. Nf3 c5 2. c4 g6 3. g3 Bg7 4. Bg2 Nc6 5. Nc3 d6 6. 0-0 e6 7. e3 Nge7 8. d4 0-0 9. b3 Nf5 10. Ne2 e5 11. Bb2 cxd4 12. exd4 e4 13. Ne1 Re8 14. Nc2 h5 15. Ne3 h4 16. Nd5 a5 17. a3 Rb8 18. b4 axb4 19. axb4 b5 20. cxb5 Rxb5 21. Nec3 Rb8 22. Nxe4 Nxb4 23. Nxb4 Rxb4 24. Bc3 Rc4 25. Ra4 Qc7 26. Ba1 h3 27. Bf3 Bb7 28. d5 Rxa4 29. Qxa4 Ra8 30. Qd1 Rxa1 31. Qxa1 Bxa1 32. Rxa1 Kg7 0-1

[Event "Asia zt 3.1"]
[Site "Tehran"]
[Date "2017.07.04"]
[Round "6"]
[White "Koniahli, Malek"]
[Black "Rezaee, Mahdi"]
[Result "1-0"]
[WhiteElo "2106"]
[BlackElo "1901"]
[PlyCount "113"]
[EventDate "2017.06.30"]
[EventType "swiss"]
[EventRounds "9"]
[EventCountry "IRI"]
[SourceTitle "CBM 179 Extra"]
[Source "ChessBase"]
[SourceDate "2017.08.23"]
[SourceVersion "1"]
[SourceVersionDate "2017.08.23"]
[SourceQuality "1"]

1. d4 Nf6 2. c4 g6 3. Nc3 Bg7 4. e4 d6 5. f4 0-0 6. Nf3 Na6 7. Be2 e5 8. dxe5 dxe5 9. Qxd8 Rxd8 10. Nxe5 Nc5 11. Bf3 Ne8 12. 0-0 Be6 13. Be3 Nd3 14. Nxd3 Rxd3 15. Kf2 Bxc3 16. bxc3 Rxc3 17. c5 Rc2+ 18. Kg1 Rxa2 19. Rxa2 Bxa2 20. Ra1 Bc4 21. Kf2 c6 22. Rc1 Bb5 23. Rd1 Kf8 24. Rd7 Ba6 25. Bd4 Ng7 26. Bg4 Re8 27. Kf3 Ra8 28. f5 h5 29. Bh3 g5 30. g4 h4 31. e5 Re8 32. e6 Nxe6 33. fxe6 Rxe6 34. Rd8+ Ke7 35. Rg8 f6 36. Be3 Kf7 37. Ra8 Re7 38. Rxa7 Re8 39. Kf2 Ke6 40. Bf1 Bxf1 41. Kxf1 Kd5 42. Kf2 Rb8 43. Ra4 Rf8 44. Rd4+ Ke5 45. Rd7 Ra8 46. Kf3 Ra4 47. Re7+ Kd5 48. Rxb7 Ra2 49. Rd7+ Ke6 50. Rd2 Ra6 51. Rd6+ Ke7 52. Bd4 Ra3+ 53. Ke4 Ra2 54. Bxf6+ Kf7 55. Be5 Rf2 56. Rxc6 Ke7 57. Bf6+ 1-0

[Event "Asia zt 3.1"]
[Site "Tehran"]
[Date "2017.06.30"]
[Round "1"]
[White "Rezaee, Mahdi"]
[Black "Shafiei, Alireza"]
[Result "1-0"]
[WhiteElo "1901"]
[BlackElo "2207"]
[PlyCount "111"]
[EventDate "2017.06.30"]
[EventType "swiss"]
[EventRounds "9"]
[EventCountry "IRI"]
[SourceTitle "CBM 179 Extra"]
[Source "ChessBase"]
[SourceDate "2017.08.23"]
[SourceVersion "1"]
[SourceVersionDate "2017.08.23"]
[SourceQuality "1"]

1. e4 Nc6 2. Nf3 d6 3. d4 Nf6 4. Nbd2 g6 5. c3 Bg7 6. Qc2 0-0 7. g3 e5 8. d5 Ne7 9. h3 c6 10. c4 cxd5 11. cxd5 b6 12. b3 Nfxd5 13. exd5 e4 14. Bb2 exf3 15. Bxg7 Kxg7 16. Qb2+ f6 17. Bc4 b5 18. Bxb5 Nxd5 19. Qd4 Ne7 20. g4 Rb8 21. Ba4 Ba6 22. 0-0-0 Be2 23. Rde1 Qb6 24. Qxb6 axb6 25. Bb5 Bxb5 26. Rxe7+ Rf7 27. Rxf7+ Kxf7 28. Re1 Rc8+ 29. Kb2 Bd3 30. Rc1 Rxc1 31. Kxc1 Be2 32. Kc2 Ke6 33. Kc3 Kd5 34. a4 Bd1 35. Nc4 Kc6 36. Ne3 Be2 37. Kd4 g5 38. Nd5 Bf1 39. Nxf6 Bxh3 40. Nxh7 Bxg4 41. Nxg5 Bh5 42. Ne4 Bg6 43. b4 Bf7 44. b5+ Kc7 45. Nd2 Bg6 46. Ne4 Bf7 47. Nc3 Bb3 48. Ke4 Kd7 49. Nd5 Bc2+ 50. Kd4 Ke6 51. Nxb6 Bd1 52. a5 Be2 53. a6 Bxb5 54. a7 Bc6 55. a8Q Bxa8 56. Nxa8 1-0

[Event "Asian Schools-ch U13 12th Blitz"]
[Site "Tehran"]
[Date "2016.07.16"]
[Round "6.2"]
[White "Quizon, Daniel"]
[Black "Rezaee, Mahdi"]
[Result "1/2-1/2"]
[WhiteElo "1555"]
[BlackElo "1791"]
[PlyCount "138"]
[EventDate "2016.07.16"]
[EventType "swiss (blitz)"]
[EventRounds "9"]
[EventCountry "IRI"]
[SourceTitle "EXT 2024"]
[Source "ChessBase"]
[SourceDate "2023.10.10"]
[SourceVersion "1"]
[SourceVersionDate "2023.10.10"]
[SourceQuality "1"]

1. e4 e6 2. d4 d5 3. Nd2 Nf6 4. e5 Nfd7 5. Bd3 c5 6. c3 Nc6 7. Ne2 cxd4 8. cxd4 f6 9. exf6 Nxf6 10. Nf3 Bd6 11. 0-0 0-0 12. b3 Qe7 13. Bb2 Bd7 14. Rc1 Be8 15. Ng3 Bf4 16. Ra1 Rc8 17. a3 a6 18. Re1 Bf7 19. Ne2 Bh6 20. Ng3 Bf4 21. Ne2 Bh6 22. Ng3 Bf4 23. Qe2 Qc7 24. Qc2 h6 25. Bg6 Rce8 26. Rad1 Bxg6 27. Qxg6 Qf7 28. Qxf7+ Rxf7 29. Bc1 Bxg3 30. hxg3 Ne4 31. Bb2 g5 32. Re2 Na5 33. Ne5 Rc7 34. b4 Nc4 35. Nxc4 Rxc4 36. Kh2 Nc3 37. Bxc3 Rxc3 38. Re3 Rxe3 39. fxe3 Rc8 40. Rd3 g4 41. e4 Kf7 42. exd5 exd5 43. Kg1 Rc2 44. Rb3 Rd2 45. b5 Rd1+ 46. Kf2 Rxd4 47. bxa6 bxa6 48. Rb7+ Kg6 49. Rb6+ Kg5 50. Rxa6 Rd2+ 51. Kf1 Rd1+ 52. Ke2 Rg1 53. Kf2 Rd1 54. a4 d4 55. Rd6 d3 56. Ke3 Ra1 57. Rd4 Ra3 58. Rxd3 Rxa4 59. Rd5+ Kg6 60. Rc5 Rb4 61. Rc6+ Kg5 62. Rc5+ Kg6 63. Rd5 Ra4 64. Rd4 Rxd4 65. Kxd4 Kf5 66. Kd5 h5 67. Kd4 Kf6 68. Ke4 Ke6 69. Kd4 Kd6 1/2-1/2

[Event "Asian Schools-ch 12th U13"]
[Site "Tehran"]
[Date "2016.07.15"]
[Round "8.3"]
[White "Rezaee, Mahdi"]
[Black "Daghli, Arash"]
[Result "1/2-1/2"]
[WhiteElo "1758"]
[BlackElo "2123"]
[PlyCount "39"]
[EventDate "2016.07.11"]
[EventType "swiss"]
[EventRounds "9"]
[EventCountry "IRI"]
[SourceTitle "EXT 2024"]
[Source "ChessBase"]
[SourceDate "2023.10.10"]
[SourceVersion "1"]
[SourceVersionDate "2023.10.10"]
[SourceQuality "1"]

1. e4 c5 2. d4 cxd4 3. c3 Nf6 4. e5 Nd5 5. Nf3 Nc6 6. Bc4 Nb6 7. Bb3 d5 8. exd6 Qxd6 9. 0-0 dxc3 10. Qe2 Bf5 11. Rd1 Qb8 12. Nxc3 e6 13. g3 Be7 14. Bf4 Qc8 15. Nb5 0-0 16. Nc7 Rb8 17. Nb5 Ra8 18. Nc7 Rb8 19. Nb5 Ra8 20. Nc7 1/2-1/2